000 00514cam a2200181 4500500
005 20260405001101.0
041 _afre
042 _adc
100 1 0 _aDennehy, Myriam
_eauthor
245 0 0 _aJe t’aime
260 _c2011.
500 _a93
690 _aCapitalisme
690 _aParole
690 _aScience
786 0 _nPhilosophie magazine | 48 | 4 | 2011-04-01 | p. 24-24 | 1951-1787
856 4 1 _uhttps://shs.cairn.info/magazine-philosophie-magazine-2011-4-page-24?lang=fr&redirect-ssocas=7080
999 _c2043916
_d2043916